| 000 | 00631nam a2200241Ia 4500 | ||
|---|---|---|---|
| 003 | OSt | ||
| 005 | 20221007101413.0 | ||
| 006 | a|||||r|||| 00| 0 | ||
| 007 | ta | ||
| 008 | 221006b |||||||| |||| 00| 0 eng d | ||
| 024 | _a6,395 | ||
| 037 | _cTextual | ||
| 040 |
_aLCO _cLCO _beng |
||
| 041 |
_2eng _aeng |
||
| 082 | _aT15Ot2:2, K9 | ||
| 100 |
_aLOWE WILLIAM T _9639941 |
||
| 245 | 0 | _aStructure and Social Studies. | |
| 260 |
_aLondon _bCornell Univ. Press _c1969 |
||
| 300 | _a203 | ||
| 650 |
_aSOCIAL STUDY _9702944 |
||
| 942 |
_hT15Ot2:2, K9 _cTEXL |
||
| 999 |
_c1175958 _d1175958 |
||